000 01719cam a22004574i 4500
003 PE-LiUPU
005 20250731173545.0
008 150616s r 000 0 d
035 _a(Sirsi) a9263
040 _aPE-LiUPU
_bspa
_cPE-LiUPU
_erda
049 _aPRUA
082 0 4 _a248.83
_bD92
_221
100 1 _aDudley, Roger L.,
_eautor.
245 1 0 _aWhy Teenagers Reject Religion and What to do About it /
_cRoger L. Dudley.
264 1 _aWashington :
_bReview and Herald Publishing Association,
_c1978.
300 _a160 páginas ;
_c21 cm.
336 _atext
_2rdacontent
337 _aunmediated
_2rdamedia
338 _avolume
_2rdacarrier
504 _aIncluye bibliografía.
505 0 _aOn top of the stack.- View from the crow's-nest.- Free at last.- You'll do it or else..!.- Saints who are hard to live with.- Cracks in the model.- All those rules.- Positive discipline.- I love You, but..- Please! trust me!.- Getting it all together.
526 _aSEG42
526 _aSEG41
526 _aSEG40
526 _aSEG39
526 _aP94
526 _aP87
526 _aP86
526 _aP85
526 _aP77
526 _aP76
526 _aP35
650 0 4 _aAdolescentes
_xVida religiosa.
910 _ajck
_bjvq
_cjck
942 _2ddc
_cBOOK
949 _a248.83 D92
_wDEWEY
_c1
_i42676
_lCCODEBUL1
_mBUL
_p00.00
_r0
_sY
_tBOOK
_u19970324
_xTEOLOGIA
_zUNKNOWN
_0COMPRA
_o.STAFF. Colección General
994 _aC0
_bPEPRU
596 _a1
999 _a248.83 D92
_wDEWEY
_c60696
_i42676
_d60696
_f2021-11-10
_g5
_lCCODEBUL1
_mBUL
_q1
_r0
_sY
_tBOOK
_u2015-6-16
_xTEOLOGIA
_zUNKNOWN
_0COMPRA
_o.STAFF. Colección General
980 _81
_gALBERTO SANCHEZ Responsable de Automatización